00198nam a2200085 4500100002300000245004400023260002600067300000800093650001100101 aNedurana,H.M.M.H.B aThe Art of Dyeing:the history of Dyeing aColombobICHEMCc2014 a26p aDyeing